| 000 | 00370nam a2200145Ia 4500 | ||
|---|---|---|---|
| 008 | 151213s9999 xx 000 0 und d | ||
| 100 | _aGraham Hough | ||
| 245 |
_aThe Romantic Poets _cGraham Hough |
||
| 260 |
_aLondon _bHutchinsan University Library _c1968 |
||
| 300 | _a2113 p. | ||
| 650 | _aEnglish | ||
| 650 | _aEnglish | ||
| 700 | _aGraham Hough | ||
| 999 |
_c1559 _d1559 |
||